| 000 | 00794cab a2200193 4500 | ||
|---|---|---|---|
| 001 | L136791 | ||
| 008 | 070223n2007 000 0 eng u | ||
| 035 | _a(Sirsi) u136791 | ||
| 041 | 0 | _aeng | |
| 110 | 2 |
_aUnited Kingdom _bDepartment for Environment, Food and Rural Affairs |
|
| 245 | 0 | 0 |
_aPrivate sewers in England and Wales _h[electronic resource] |
| 260 | _c2007 | ||
| 520 | _aCovers the Government's transfer of private sewers and lateral drains to the ownership of nine statutory water and sewerage companies. | ||
| 590 | _aKA | ||
| 651 | 4 |
_aEngland and Wales _y1543- |
|
| 690 | _aENVIRONMENTAL AND LAND CONSULTANCY-WASTE MANAGEMENT | ||
| 856 | 4 | 0 |
_uhttps://www.defra.gov.uk/environment/water/industry/sewers/index.htm _zView the item free of charge at www.defra.gov.uk... |
| 942 | _n0 | ||
| 999 |
_c78443 _d78443 |
||